[Event "Expo92"]
[Site "?"]
[Date "1992.11.??"]
[Round "3"]
[White "Hoffman Alejandro S"]
[Black "Franco Ocampos Zenon"]
[Result "1/2-1/2"]
[WhiteElo "2425"]
[BlackElo "2520"]
[PlyCount "23"]
[EventDate "1992.??.??"]
[Source "www.chesslib.no"]
[SourceDate "2004.05.04"]

1. d4 Nf6 2. c4 c5 3. d5 g6 4. Nc3 d6 5. e4 Bg7 6. Nge2 O-O 7. Ng3 e6 8. Be2 exd5 9. exd5 Nbd7 10. O-O a6 11. a4 Rb8 12. Bg5 1/2-1/2

[Event "Dortmund op-A"]
[Site "Dortmund"]
[Date "1992.??.??"]
[Round "8"]
[White "Bischoff, Klaus"]
[Black "Vokac, Marek"]
[Result "1-0"]
[WhiteElo "2495"]
[BlackElo "2450"]
[PlyCount "79"]
[EventDate "1992.04.??"]
[Source "ChessBase"]

1. d4 g6 2. c4 Bg7 3. Nc3 c5 4. d5 d6 5. e4 Nf6 6. Nge2 Na6 7. Ng3 Nc7 8. Be2 e5 9. O-O h5 10. Bg5 Qd7 11. Qd2 h4 12. Nh1 Nh5 13. Be3 Qe7 14. Bxh5 Rxh5 15. f4 Bd7 16. Nf2 exf4 17. Bxf4 Kf8 18. Rae1 Ne8 19. Nd3 Kg8 20. Qe2 Bd4+ 21. Kh1 f6 22. Bd2 Rh7 23. Qf3 Ng7 24. Ne2 Nh5 25. Ndf4 Nxf4 26. Bxf4 Be5 27. Bxe5 fxe5 28. Qf6 Be8 29. Ng1 Rd8 30. Nh3 b5 31. Ng5 Qxf6 32. Rxf6 Rb7 33. Ref1 Rdb8 34. cxb5 Rxb5 35. Rf8+ Kg7 36. Ne6+ Kh7 37. Nc7 Rxb2 38. Nxe8 Rb1 39. Nxd6 Kg7 40. Kg1 1-0

[Event "Ponferrada op1"]
[Site "Ponferrada"]
[Date "1992.??.??"]
[Round "?"]
[White "Nedobora, Mikhail"]
[Black "Damljanovic, Branko"]
[Result "1/2-1/2"]
[WhiteElo "2355"]
[BlackElo "2585"]
[PlyCount "102"]
[EventDate "1992.??.??"]
[Source "www.chesslib.no"]
[SourceDate "2004.05.04"]

1. d4 g6 2. c4 Bg7 3. Nc3 c5 4. d5 Nf6 5. e4 d6 6. Nf3 O-O 7. Nd2 e6 8. Be2 Re8 9. O-O Na6 10. Rb1 Nc7 11. a4 b6 12. Re1 e5 13. b4 cxb4 14. Rxb4 Na6 15. Rb1 Nc5 16. Ba3 Bh6 17. Bf1 Bd7 18. a5 Qc7 19. Nb3 Na4 20. Qd3 Rec8 21. Nxa4 Bxa4 22. Qc3 Nd7 23. Nc1 Nc5 24. Nd3 Rcb8 25. axb6 axb6 26. Nxc5 bxc5 27. Bd3 Bd7 28. Rxb8+ Qxb8 29. Rb1 Qa7 30. Bc1 Bxc1 31. Qxc1 Kg7 32. Qb2 Qa3 33. Qxa3 Rxa3 34. Bf1 Kf8 35. f3 Ra2 36. Rb8+ Ke7 37. h4 h5 38. Kh2 Ra1 39. Kg1 f5 40. exf5 gxf5 41. Kf2 Ra2+ 42. Be2 f4 43. Ke1 Bf5 44. Rb7+ Kf6 45. Rb6 Ra1+ 46. Kf2 e4 47. fxe4 Bg4 48. Bf1 Ra2+ 49. Kg1 Ke5 50. Rb8 f3 51. gxf3 Bxf3 1/2-1/2

[Event "Stara Pazova"]
[Site "Stara Pazova"]
[Date "1988.??.??"]
[Round "5"]
[White "Popov, Luben"]
[Black "Cabrilo, Goran"]
[Result "1/2-1/2"]
[WhiteElo "2430"]
[BlackElo "2510"]
[PlyCount "29"]
[EventDate "1988.10.??"]
[Source "www.chesslib.no"]
[SourceDate "2004.05.04"]

1. d4 Nf6 2. c4 c5 3. d5 g6 4. Nc3 Bg7 5. Nf3 O-O 6. e4 e6 7. Be2 exd5 8. exd5 d6 9. O-O Re8 10. h3 Bf5 11. Bd3 Ne4 12. Nxe4 Bxe4 13. Bxe4 Rxe4 14. Qc2 Re8 15. Bg5 1/2-1/2

[Event "RUS-Cup"]
[Site "Omsk/Perm"]
[Date "1998.??.??"]
[Round "5"]
[White "Ovetchkin, Roman"]
[Black "Kalegin, Evgenij"]
[Result "1/2-1/2"]
[WhiteElo "2475"]
[BlackElo "2465"]
[PlyCount "103"]
[EventDate "1998.??.??"]
[Source "www.chesslib.no"]
[SourceDate "2004.05.04"]

1. d4 Nf6 2. g3 c5 3. d5 e5 4. c4 d6 5. Nc3 Be7 6. e4 O-O 7. Bg2 Na6 8. Nge2 Nc7 9. O-O Rb8 10. a4 Na6 11. h3 Nb4 12. Be3 Ne8 13. Qd2 b6 14. Kh2 g6 15. Bh6 Ng7 16. f4 exf4 17. gxf4 Re8 18. Ng3 Bh4 19. Rf3 Rb7 20. f5 f6 21. fxg6 hxg6 22. Raf1 Rf7 23. Nce2 Kh7 24. Be3 Qe7 25. b3 Ref8 26. Bf2 Qe5 27. Kh1 Bg5 28. Be3 Bxe3 29. Rxe3 Re8 30. Ref3 a6 31. Rf4 g5 32. R4f3 Rh8 33. Kg1 Re8 34. Nc3 Kg6 35. Nd1 Qd4+ 36. Qxd4 cxd4 37. Nf2 f5 38. Rd1 Nc2 39. exf5+ Bxf5 40. Nxf5 Nxf5 41. Bf1 Ne1 42. Rfd3 Nh4 43. Rg3 Re3 44. Rxe3 dxe3 45. Ng4 Nef3+ 46. Kh1 Re7 47. Be2 Kf5 48. a5 bxa5 49. c5 Kf4 50. cxd6 Rd7 51. Rd3 Nf5 52. Bxf3 1/2-1/2

[Event "Ch (Men) Osterburg GER"]
[Site "?"]
[Date "2006.02.06"]
[Round "4"]
[White "Meister Yakov"]
[Black "Henrichs Thomas"]
[Result "1/2-1/2"]
[WhiteElo "2502"]
[BlackElo "2434"]
[PlyCount "87"]
[EventDate "2006.??.??"]
[Source "www.chesslib.no"]
[SourceDate "2004.05.04"]

1. c4 c5 2. e3 Nf6 3. d4 g6 4. Nf3 Bg7 5. dxc5 Na6 6. Be2 Nxc5 7. O-O O-O 8. Nc3 b6 9. Qc2 Bb7 10. b3 d5 11. Bb2 dxc4 12. Bxc4 e6 13. Rfd1 Qe7 14. Rac1 Rfd8 15. Be2 Rac8 16. Rxd8+ Rxd8 17. b4 Nce4 18. Nxe4 Nxe4 19. Bxg7 Rc8 20. Qb2 Rxc1+ 21. Qxc1 Kxg7 22. a3 e5 23. h3 Qd6 24. Qc2 Qe7 25. Qb2 f6 26. Qc2 Nd6 27. Nd2 Bd5 28. Bf3 Bxf3 29. Nxf3 Qd7 30. Nd2 Qc8 31. Qd3 Qc1+ 32. Kh2 Qc6 33. Nb1 Kf7 34. Nd2 Ke6 35. e4 Ke7 36. f3 h5 37. h4 Qc1 38. Nf1 Qc4 39. Qd1 Qd4 40. Qa4 b5 41. Qa6 Qf2 42. Ng3 f5 43. Qc6 f4 44. Qxd6+ 1/2-1/2

[Event "Capablanca mem-B"]
[Site "Cienfuegos"]
[Date "1985.??.??"]
[Round "3"]
[White "Garcia Palermo, Carlos"]
[Black "Verduga, Denis Homero"]
[Result "1-0"]
[WhiteElo "2520"]
[BlackElo "2415"]
[PlyCount "51"]
[EventDate "1985.??.??"]
[Source "ChessBase"]

1. d4 Nf6 2. c4 c5 3. d5 g6 4. Nc3 d6 5. Nf3 Bg7 6. e4 O-O 7. h3 b5 8. cxb5 a6 9. a4 axb5 10. Bxb5 Ne8 11. O-O Nc7 12. Bf4 Nxb5 13. axb5 Rxa1 14. Qxa1 Qc7 15. Re1 Nd7 16. Qc1 Re8 17. Qe3 Nb6 18. e5 Bd7 19. exd6 exd6 20. Qxe8+ Bxe8 21. Rxe8+ Bf8 22. Bh6 Nd7 23. Ne4 f6 24. Nxf6+ Kf7 25. Ng5+ Kxf6 26. Re6+ 1-0

[Event "TCh-YUG, Herceg Novi YUG"]
[Site "?"]
[Date "2001.??.??"]
[Round "7"]
[White "Nestorovic, D."]
[Black "Velimirovic, D."]
[Result "1-0"]
[WhiteElo "2425"]
[BlackElo "2505"]
[PlyCount "148"]
[EventDate "2001.??.??"]
[Source "www.chesslib.no"]
[SourceDate "2004.05.04"]

1. d4 Nf6 2. c4 c5 3. d5 g6 4. Nc3 Bg7 5. e4 d6 6. Bd3 e5 7. h3 a6 8. a4 Nbd7 9. Be3 Nh5 10. Nge2 O-O 11. g4 Nf4 12. Nxf4 exf4 13. Bxf4 Ne5 14. Be2 g5 15. Be3 Ng6 16. Qd2 h6 17. h4 Nxh4 18. Rxh4 gxh4 19. Bxh6 h3 20. Bg5 Qe8 21. Qe3 h2 22. O-O-O b5 23. Rh1 b4 24. Nd1 Be5 25. f4 Bd4 26. Qh3 f6 27. Rxh2 Qg6 28. Bh6 Re8 29. f5 Qh7 30. g5 fxg5 31. Qg3 Ra7 32. Qxg5+ Rg7 33. Bxg7 Qxg7 34. Qh5 Re7 35. Bf3 Qh7 36. Rg2+ Kf8 37. Qg5 Bd7 38. Rg4 Qg7 39. Qh4 Bf6 40. Qg3 Qh6+ 41. Kc2 Be5 42. Rg8+ Kf7 43. Qg2 Bxa4+ 44. b3 Be8 45. Nf2 Qh7 46. Rg5 Kf8 47. Ng4 Bd4 48. Qg3 Be5 49. Nxe5 Rxe5 50. Rg4 Qh6 51. Rg8+ Ke7 52. Qg7+ Qxg7 53. Rxg7+ Kf6 54. Ra7 Re7 55. Rxa6 Ke5 56. Kd3 Rh7 57. Ra8 Bf7 58. Ra7 Rh3 59. Ke2 Kf4 60. Rxf7 Rxf3 61. Re7 Rxb3 62. f6 Rb2+ 63. Kd3 Rb3+ 64. Kc2 Rf3 65. f7 Ke3 66. e5 Kd4 67. exd6 b3+ 68. Kb2 Kxc4 69. Re4+ Kd3 70. d7 c4 71. d8=Q Rf2+ 72. Ka3 Ra2+ 73. Kb4 b2 74. Re1 Ra1 1-0

[Event "Pardubice Czech op"]
[Site "Pardubice"]
[Date "1998.??.??"]
[Round "9"]
[White "Ionescu, Constantin"]
[Black "Tibensky, Robert"]
[Result "1/2-1/2"]
[WhiteElo "2495"]
[BlackElo "2435"]
[PlyCount "20"]
[EventDate "1998.07.??"]
[Source "www.chesslib.no"]
[SourceDate "2004.05.04"]

1. d4 c5 2. d5 e5 3. c4 d6 4. e4 Be7 5. Nf3 Nf6 6. Nc3 O-O 7. g3 Na6 8. Bg2 Nc7 9. a4 b6 10. O-O a6 1/2-1/2

[Event "Master Open"]
[Site "Singapore"]
[Date "2004.12.17"]
[Round "8"]
[White "Xu Jun"]
[Black "Mok Tze Meng"]
[Result "1-0"]
[WhiteElo "2589"]
[BlackElo "2336"]
[PlyCount "67"]
[EventDate "2004.12.11"]
[Source "Roberto Alvarez"]
[SourceDate "2004.12.13"]

1. d4 g6 2. c4 Bg7 3. Nc3 Nf6 4. e4 c5 5. d5 d6 6. Nf3 b5 7. cxb5 a6 8. a4 O-O 9. Ra3 axb5 10. Bxb5 Ba6 11. Qe2 Bxb5 12. Nxb5 Na6 13. O-O Nd7 14. Nd2 Nb4 15. Nc4 Ne5 16. Nxe5 Bxe5 17. Rd1 Qd7 18. h3 Ra5 19. f4 Bg7 20. e5 dxe5 21. fxe5 e6 22. dxe6 Qxe6 23. Bf4 Qf5 24. Bg3 Nc6 25. Rf3 Qc8 26. b3 Rxb5 27. Qxb5 Nd4 28. Rxd4 cxd4 29. a5 Bh6 30. a6 Be3+ 31. Kh2 Qc1 32. Rf1 Qc2 33. e6 fxe6 34. Rxf8+ 1-0

[Event "JUG-chT playoff"]
[Site "Herceg Novi"]
[Date "2001.05.28"]
[Round "2.2"]
[White "Vojinovic, Goran"]
[Black "Leskur, Dejan"]
[Result "1-0"]
[WhiteElo "2449"]
[BlackElo "2475"]
[PlyCount "91"]
[EventDate "2001.05.25"]
[Source "ChessBase"]
[SourceDate "2001.07.03"]

1. d4 Nf6 2. c4 c5 3. d5 g6 4. Nc3 Bg7 5. e4 d6 6. Nf3 O-O 7. Qd3 e5 8. h3 Nh5 9. g3 Nd7 10. Nh4 Ndf6 11. Ng2 Ne8 12. g4 Nhf6 13. g5 Nh5 14. Be2 Nf4 15. Nxf4 exf4 16. Bxf4 f5 17. gxf6 Qxf6 18. Bg3 a6 19. e5 dxe5 20. Ne4 Qb6 21. Qb3 Qc7 22. Bg4 Bf5 23. Bxf5 Rxf5 24. O-O-O Bf8 25. Qd3 Nd6 26. Kb1 Nxe4 27. Qxe4 Bd6 28. h4 h5 29. Rhg1 Kh7 30. Bf4 Qf7 31. Be3 b5 32. Rg2 Rg8 33. Rdg1 Rg7 34. Qd3 Qd7 35. a3 Rf6 36. Rg5 Rf5 37. Qe2 bxc4 38. Qxc4 Be7 39. R5g2 Qd6 40. Qe4 Qd7 41. Rg3 Rg8 42. R3g2 Rg7 43. Rc1 Bd6 44. Ka1 Qe7 45. Rgg1 Rg8 46. Rxg6 1-0

[Event "Odessa 5'"]
[Site "Odessa"]
[Date "2001.??.??"]
[Round "2"]
[White "Pichugin, Alexandr"]
[Black "Eingorn, Vereslav S"]
[Result "1-0"]
[WhiteElo "2335"]
[BlackElo "2589"]
[PlyCount "51"]
[EventDate "2001.01.??"]
[Source "ChessBase"]
[SourceDate "2001.03.08"]

1. d4 Nf6 2. c4 c5 3. d5 a6 4. Nf3 b5 5. Qc2 bxc4 6. e4 d6 7. Bxc4 Nbd7 8. O-O g6 9. Re1 Bg7 10. h3 O-O 11. Nc3 Rb8 12. Bf4 Rb4 13. b3 Ne8 14. e5 dxe5 15. Nxe5 Nxe5 16. Bxe5 Nd6 17. Bxg7 Kxg7 18. a3 Rb8 19. Ne4 Qb6 20. Qc3+ Kg8 21. Nxd6 exd6 22. Re7 Rb7 23. Rae1 Qd8 24. Qf6 Qa5 25. Qxd6 Qxa3 26. Re8 1-0

[Event "Cherepovets"]
[Site "Cherepovets"]
[Date "1997.??.??"]
[Round "7"]
[White "Petkevich, Jusefs"]
[Black "Ditiatev, Sergey"]
[Result "1-0"]
[WhiteElo "2455"]
[BlackElo "2465"]
[PlyCount "49"]
[EventDate "1997.??.??"]
[Source "www.chesslib.no"]
[SourceDate "2004.05.04"]

1. d4 Nf6 2. c4 c5 3. d5 g6 4. Nc3 Bg7 5. Nf3 O-O 6. Bg5 d6 7. e3 a6 8. Nd2 Nbd7 9. Be2 Rb8 10. a4 Qc7 11. O-O e6 12. Qc2 exd5 13. cxd5 Re8 14. Nc4 b5 15. axb5 axb5 16. Na5 c4 17. Nc6 Rb6 18. Ra7 Bb7 19. b3 cxb3 20. Qxb3 Nc5 21. Nxb5 Nxb3 22. Nxc7 Bxc6 23. dxc6 Rc8 24. Bxf6 Bxf6 25. Nd5 1-0

[Event "Hallsta op"]
[Site "Hallsta"]
[Date "1996.??.??"]
[Round "?"]
[White "Agrest, Evgenij"]
[Black "Bator, Robert"]
[Result "1-0"]
[WhiteElo "2485"]
[BlackElo "2435"]
[PlyCount "89"]
[EventDate "1996.??.??"]
[Source "www.chesslib.no"]
[SourceDate "2004.05.04"]

1. d4 Nf6 2. c4 c5 3. e3 b6 4. Nc3 a6 5. Nf3 g6 6. Bd3 Bg7 7. O-O O-O 8. Re1 d6 9. h3 e6 10. Rb1 d5 11. cxd5 exd5 12. b3 Bb7 13. Bb2 Nbd7 14. dxc5 bxc5 15. e4 d4 16. Na4 Re8 17. Qc2 Rc8 18. Bc1 Rc6 19. Bf4 Nh5 20. Bg5 Qa8 21. Re2 h6 22. Bd2 Rce6 23. Nxc5 Nxc5 24. Qxc5 Bxe4 25. Bxe4 Rxe4 26. Rxe4 Rxe4 27. Rc1 Nf4 28. Qc6 Qxc6 29. Rxc6 Nd3 30. Kf1 Re6 31. Rc8+ Kh7 32. Rd8 Re4 33. Rd6 Re6 34. Rd5 Re4 35. a4 Nb2 36. Rd6 Re6 37. Rd7 Rb6 38. Nxd4 Bxd4 39. Rxd4 Rxb3 40. Ke2 Ra3 41. a5 Na4 42. Rc4 Nb2 43. Rc7 Nd3 44. Rxf7+ Kg8 45. Rf6 1-0

[Event "Israel Open Ch, Tel Aviv ISR"]
[Site "?"]
[Date "2001.??.??"]
[Round "9"]
[White "Gershon, A."]
[Black "Stisis, Y."]
[Result "1/2-1/2"]
[WhiteElo "2535"]
[BlackElo "2380"]
[PlyCount "59"]
[EventDate "2001.??.??"]
[Source "www.chesslib.no"]
[SourceDate "2004.05.04"]

1. d4 Nf6 2. c4 c5 3. d5 a6 4. Nf3 b5 5. Nbd2 Qa5 6. Qc2 d6 7. e4 g6 8. b4 Qxb4 9. cxb5 Qa5 10. a4 Bg7 11. Bb2 O-O 12. Bc3 Qc7 13. Qb2 Nbd7 14. Be2 axb5 15. Bxb5 Ba6 16. O-O Rfb8 17. Rfb1 Bxb5 18. axb5 Nb6 19. Ra6 Na4 20. Qa1 Nxc3 21. Rxa8 Nxb1 22. Rxb8+ Qxb8 23. Qxb1 Nd7 24. Nc4 Qa8 25. g3 Qa4 26. Nfd2 Bc3 27. Qb3 Qa1+ 28. Qb1 Qa4 29. Qb3 Qa1+ 30. Qb1 1/2-1/2

[Event "United States of America"]
[Site "United States of America"]
[Date "1984.??.??"]
[Round "?"]
[White "Gurevich, Mikhail N"]
[Black "Quinteros, Miguel A"]
[Result "1-0"]
[WhiteElo "2420"]
[BlackElo "2495"]
[PlyCount "100"]
[EventDate "1984.??.??"]
[Source "www.chesslib.no"]
[SourceDate "2004.05.04"]

1. d4 Nf6 2. c4 c5 3. d5 g6 4. Nc3 Bg7 5. e4 d6 6. Nf3 O-O 7. h3 Na6 8. Bd3 e5 9. g4 h5 10. Nh2 hxg4 11. hxg4 Nh7 12. Rg1 Bf6 13. Be3 Bg5 14. Qd2 Bxe3 15. Qxe3 Ng5 16. Kd2 Kg7 17. Nf3 f6 18. Nxg5 fxg5 19. a3 Bd7 20. Rh1 Qf6 21. Rh2 Rh8 22. Rxh8 Rxh8 23. Rg1 Rh2 24. Nd1 Nc7 25. b4 b6 26. Be2 Ne8 27. f3 Qd8 28. Nc3 Kf6 29. Rb1 Qc7 30. Qg1 Rh4 31. Qf2 Rh8 32. Qg2 Qc8 33. Rh1 Nc7 34. Rxh8 Qxh8 35. b5 a6 36. a4 axb5 37. cxb5 Kg7 38. Qg1 Qa8 39. Qb1 Ne8 40. Qb3 Nf6 41. Qc4 Ng8 42. a5 Bc8 43. axb6 Bb7 44. Qa4 Ne7 45. Qxa8 Bxa8 46. Na4 Kf7 47. Nxc5 dxc5 48. d6 Ke6 49. dxe7 Kxe7 50. Bc4 Bd5 1-0

[Event "Cherepovets"]
[Site "Cherepovets"]
[Date "1993.??.??"]
[Round "?"]
[White "Mitenkov, Alexey"]
[Black "Shchekachev, Andrei"]
[Result "1/2-1/2"]
[WhiteElo "2420"]
[BlackElo "2495"]
[PlyCount "112"]
[EventDate "1993.??.??"]
[Source "www.chesslib.no"]
[SourceDate "2004.05.04"]

1. d4 Nf6 2. c4 c5 3. d5 g6 4. Nc3 Bg7 5. e4 d6 6. Nf3 O-O 7. h3 e5 8. g4 Na6 9. Bg5 h6 10. Be3 Nc7 11. Qd2 h5 12. Bg5 Qe8 13. Bxf6 Bxf6 14. gxh5 Kg7 15. Be2 Rh8 16. hxg6 fxg6 17. h4 Qe7 18. O-O-O Bxh4 19. Rdg1 Bd7 20. Rh2 Raf8 21. Rhg2 Rh6 22. Nd1 Rf4 23. Ne3 Qf6 24. Nxh4 Qxh4 25. Bg4 Be8 26. Bc8 Kf8 27. Bxb7 Bf7 28. Ng4 Rh5 29. Qe2 Ne8 30. Bc8 Nf6 31. Nxf6 Qxf6 32. Bg4 Rh4 33. f3 a5 34. Kb1 Qh8 35. a3 Be8 36. Qd2 a4 37. Qa5 Rh2 38. Ka2 Rxg2 39. Rxg2 Qh1 40. Qd2 Kg7 41. Rh2 Qf1 42. Qe2 Qc1 43. Rf2 Rf8 44. Rf1 Qg5 45. Rh1 Rh8 46. Rxh8 Kxh8 47. Kb1 Kg7 48. Kc2 Qh4 49. Bc8 Qg3 50. Qf1 Qh2+ 51. Kc3 Qf4 52. Kd3 Qh2 53. Kc3 Qf4 54. Kc2 Qh2+ 55. Kc1 Qf4+ 56. Kc2 Qh2+ 1/2-1/2

[Event "Philadelphia"]
[Site "?"]
[Date "1989.??.??"]
[Round "?"]
[White "Christiansen, L."]
[Black "Gurevich, I."]
[Result "1-0"]
[WhiteElo "2530"]
[BlackElo "2385"]
[PlyCount "95"]
[EventDate "1989.??.??"]
[Source "ChessBase"]
[SourceDate "1989.07.01"]

1. c4 g6 2. Nc3 Bg7 3. d4 c5 4. d5 d6 5. e4 Nf6 6. Nf3 e6 7. h3 Na6 8. Bd3 O-O 9. O-O Nc7 10. a4 e5 11. Bg5 h6 12. Bd2 Nh5 13. Qc1 g5 14. Ne2 Nf4 15. Nxf4 gxf4 16. Kh2 f5 17. exf5 Bxf5 18. Bxf5 Rxf5 19. Qc2 Qd7 20. Rab1 Raf8 21. b4 Ne8 22. Rfe1 b6 23. a5 Rh5 24. bxc5 bxc5 25. a6 Qg4 26. Rb7 Rff5 27. Qd3 Nf6 28. Rxa7 Qg6 29. Kg1 e4 30. Rxe4 Rxh3 31. Rxg7+ Kxg7 32. Bc3 Re5 33. Bxe5 dxe5 34. a7 Nxe4 35. Qe2 Rxf3 36. a8=Q Rxf2 37. Qb7+ Kg8 38. Qc8+ Kh7 39. Qd7+ Kh8 40. Qdg4 Rxe2 41. Qxg6 Ng3 42. Qxh6+ Kg8 43. Qe6+ Kg7 44. Kh2 Nf1+ 45. Kh3 f3 46. Qg4+ Kh6 47. Qxf3 Re3 48. d6 1-0

[Event "Telechess ol2 8182"]
[Site "telex"]
[Date "1982.05.08"]
[Round "?"]
[White "Knaak, Rainer F A"]
[Black "Wedberg, Tom"]
[Result "1-0"]
[WhiteElo "2495"]
[BlackElo "2420"]
[PlyCount "99"]
[EventDate "1981.??.??"]
[Source "www.chesslib.no"]
[SourceDate "2004.05.04"]

1. d4 Nf6 2. c4 c5 3. d5 a6 4. a4 e5 5. Nc3 d6 6. e4 Be7 7. Bd3 O-O 8. h3 Nbd7 9. g4 Ne8 10. Nf3 Nc7 11. h4 Re8 12. h5 Nf8 13. Rg1 Rb8 14. Qe2 Bd7 15. Nd1 b5 16. Ne3 h6 17. Nf5 Bxf5 18. gxf5 Kh8 19. cxb5 axb5 20. axb5 Nh7 21. Bd2 Qd7 22. Ra5 Bf6 23. Kf1 Rb7 24. Kg2 Rg8 25. Kh2 Bd8 26. Rg2 Bf6 27. Be3 Rgb8 28. b4 cxb4 29. b6 Rxb6 30. Bxb6 Rxb6 31. Ra7 Qc8 32. Qc2 Bd8 33. Nd2 b3 34. Qb2 Qb8 35. Ra3 Bg5 36. Nc4 Bf4+ 37. Kg1 Rb4 38. Na5 Rb6 39. Nc6 Qb7 40. Na5 Qb8 41. Rxb3 Rxb3 42. Qxb3 Qxb3 43. Nxb3 Nf6 44. f3 Nxh5 45. Rc2 Be3+ 46. Kf1 Nf4 47. Rxc7 h5 48. Bb5 Kh7 49. Nc1 h4 50. Ne2 1-0

[Event "Milan Crespi Open 22nd"]
[Site "?"]
[Date "2001.??.??"]
[Round "9"]
[White "Laketic Gojko"]
[Black "Drazic Sinisa"]
[Result "1/2-1/2"]
[WhiteElo "2438"]
[BlackElo "2475"]
[PlyCount "23"]
[EventDate "2001.??.??"]
[Source "www.chesslib.no"]
[SourceDate "2004.05.04"]

1. d4 c5 2. e3 Nf6 3. c4 e6 4. Nc3 d6 5. Nf3 Nbd7 6. Bd3 Be7 7. O-O O-O 8. b3 a6 9. Bb2 b6 10. e4 cxd4 11. Nxd4 Bb7 12. f3 1/2-1/2

[Event "JUG-ch"]
[Site "Umag"]
[Date "1972.??.??"]
[Round "14"]
[White "Vukic, Milan"]
[Black "Velimirovic, Dragoljub"]
[Result "1/2-1/2"]
[WhiteElo "2410"]
[BlackElo "2500"]
[PlyCount "84"]
[EventDate "1972.??.??"]
[Source "ChessBase"]

1. d4 Nf6 2. c4 c5 3. d5 g6 4. Nf3 Bg7 5. g3 O-O 6. Bg2 d6 7. O-O a6 8. Nc3 b5 9. cxb5 axb5 10. Nxb5 Nbd7 11. Nc3 Nb6 12. Re1 Qd7 13. a4 Ba6 14. e4 Ng4 15. Qc2 Rfb8 16. b3 c4 17. b4 Nxa4 18. Rxa4 Bxc3 19. Rxa6 Bxe1 20. Rxa8 Bxf2+ 21. Qxf2 Rxa8 22. Qd4 Qa7 23. Bb2 Qxd4+ 24. Nxd4 Ra2 25. Bc3 Ne3 26. Bf3 Nc2 27. Ne2 Ra3 28. Kf2 Rb3 29. b5 Rxb5 30. Nd4 Nxd4 31. Bxd4 Rb3 32. Be2 c3 33. Bd3 Ra3 34. Ke2 Ra2+ 35. Kf3 c2 36. Be3 Kf8 37. Bc1 Kg8 38. Ke2 f6 39. h4 Kg7 40. Kd2 Ra8 41. Bxc2 Ra2 42. Kd3 Ra1 1/2-1/2

[Event "Magistral de Badalona"]
[Site "Badalona"]
[Date "2001.??.??"]
[Round "8"]
[White "Gual Pascual, Antonio"]
[Black "Moskalenko, Viktor"]
[Result "1/2-1/2"]
[WhiteElo "2396"]
[BlackElo "2511"]
[PlyCount "25"]
[EventDate "2001.03.??"]
[Source "www.chesslib.no"]
[SourceDate "2004.05.04"]

1. d4 Nf6 2. c4 c5 3. d5 g6 4. Nc3 d6 5. e4 Bg7 6. Nge2 b5 7. cxb5 a6 8. Ng3 h5 9. bxa6 h4 10. Bb5+ Bd7 11. Bxd7+ Nfxd7 12. Nge2 h3 13. g3 1/2-1/2

[Event "BUL-DDR"]
[Site "Sofia BUL"]
[Date "1986.??.??"]
[Round "1"]
[White "Boensch, Uwe"]
[Black "Ermenkov, Evgenij P"]
[Result "0-1"]
[WhiteElo "2475"]
[BlackElo "2430"]
[PlyCount "184"]
[EventDate "1986.10.??"]
[Source "www.chesslib.no"]
[SourceDate "2004.05.04"]

1. d4 Nf6 2. c4 c5 3. e3 g6 4. Nf3 Bg7 5. Be2 O-O 6. O-O d6 7. Nc3 Nc6 8. h3 Bf5 9. b3 Ne4 10. Bb2 Nxc3 11. Bxc3 e5 12. d5 Ne7 13. Nd2 Bd7 14. b4 b6 15. Qb3 Qc7 16. Rab1 Rfb8 17. bxc5 bxc5 18. Qa3 Rxb1 19. Rxb1 Rb8 20. Rb3 Nc8 21. Ba5 Nb6 22. Ne4 Rb7 23. Nc3 f5 24. e4 Qb8 25. Qc1 Bf6 26. Qb1 Bc8 27. exf5 gxf5 28. Nb5 Na8 29. Bh5 a6 30. Nc3 Rxb3 31. Qxb3 Qxb3 32. axb3 e4 33. Be8 Kf8 34. Bc6 Nb6 35. f4 exf3 36. gxf3 Ke7 37. Ne2 Nd7 38. f4 Bb2 39. Kg2 Nf6 40. Nc3 Ne4 41. Na4 Bc1 42. Nb6 Kd8 43. Na8+ Ke7 44. Bc7 a5 45. Nb6 Ba6 46. Bd7 Bxf4 47. Bxf5 Nf6 48. Kf3 Bd2 49. Na4 h6 50. Bb6 Bb4 51. Be6 Nd7 52. Bc7 Ne5+ 53. Ke4 Nd7 54. Kf4 Ne5 55. Ke3 Nd7 56. Ke4 Nf6+ 57. Kf5 Ne8 58. Bb8 Ng7+ 59. Kg6 Nxe6 60. dxe6 Bc8 61. Kxh6 Bxe6 62. Nb6 Bd2+ 63. Kg6 Bxh3 64. Nd5+ Kd7 65. Nf6+ Ke6 66. Ne8 Bf5+ 67. Kg7 Bf4 68. Nc7+ Kd7 69. Nd5 Bd2 70. Nf6+ Ke7 71. Nd5+ Ke6 72. Nc7+ Kd7 73. Nb5 Bf4 74. Bc7 Bc2 75. Bxa5 Be5+ 76. Kh6 Bxb3 77. Na3 Bb2 78. Nb1 Bxc4 79. Kg5 Bd3 80. Bc3 Bc1+ 81. Bd2 Bxd2+ 82. Nxd2 d5 83. Kf4 Kd6 84. Ke3 Bg6 85. Nf3 Bh5 86. Ne1 d4+ 87. Kd2 c4 88. Nc2 Kc5 89. Ne1 c3+ 90. Kc1 Kc4 91. Nc2 Bg6 92. Ne1 Be4 0-1

[Event "Elekes Memorial"]
[Site "Budapest HUN"]
[Date "1994.??.??"]
[Round "1"]
[White "Izsak, Gyula"]
[Black "Horvath, Csaba"]
[Result "1/2-1/2"]
[WhiteElo "2365"]
[BlackElo "2535"]
[PlyCount "42"]
[EventDate "1994.??.??"]
[Source "www.chesslib.no"]
[SourceDate "2004.05.04"]

1. d4 Nf6 2. c4 c5 3. dxc5 e6 4. Nc3 Bxc5 5. Nf3 O-O 6. e3 b6 7. a3 Bb7 8. Be2 Be7 9. b3 Nc6 10. O-O Rc8 11. Bb2 Na5 12. Rc1 d5 13. cxd5 Nxd5 14. b4 Nc4 15. Nxd5 Bxd5 16. Bxc4 Bxc4 17. Re1 Qxd1 18. Rexd1 Bd5 19. Nd4 Rfd8 20. f3 Bb7 21. Rxc8 Bxc8 1/2-1/2

[Event "Berlin GER"]
[Site "?"]
[Date "1971.??.??"]
[Round "11"]
[White "Schiffer Peter"]
[Black "Hug Werner"]
[Result "1-0"]
[WhiteElo "2430"]
[BlackElo "2470"]
[PlyCount "41"]
[EventDate "1971.??.??"]
[Source "www.chesslib.no"]
[SourceDate "2004.05.04"]

1. d4 Nf6 2. c4 c5 3. d5 g6 4. Nc3 d6 5. e4 b5 6. cxb5 a6 7. f4 Bg7 8. Nf3 O-O 9. bxa6 Bxa6 10. Bxa6 Rxa6 11. O-O Qb6 12. Qe2 Nbd7 13. e5 dxe5 14. fxe5 Ng4 15. Bf4 Rfa8 16. Rae1 c4+ 17. Kh1 Qc5 18. h3 Nh6 19. Qd2 g5 20. Nxg5 Rg6 21. Nf3 1-0

[Event "Nis op"]
[Site "?"]
[Date "1997.??.??"]
[Round "4"]
[White "Scekic Milos"]
[Black "Marinkovic Ivan"]
[Result "1/2-1/2"]
[WhiteElo "2400"]
[BlackElo "2495"]
[PlyCount "21"]
[EventDate "1997.??.??"]
[Source "www.chesslib.no"]
[SourceDate "2004.05.04"]

1. d4 Nf6 2. c4 c5 3. dxc5 e6 4. Nc3 Bxc5 5. Nf3 Nc6 6. a3 d5 7. e3 a6 8. b4 Ba7 9. Bb2 O-O 10. Be2 dxc4 11. Qxd8 1/2-1/2

[Event "Catalunya t-ch"]
[Site "?"]
[Date "1986.??.??"]
[Round "6"]
[White "Campos, J."]
[Black "Illescas"]
[Result "1/2-1/2"]
[WhiteElo "2420"]
[BlackElo "2475"]
[PlyCount "63"]
[EventDate "1986.??.??"]
[Source "www.chesslib.no"]
[SourceDate "2004.05.04"]

1. d4 Nf6 2. c4 c5 3. e3 g6 4. Nf3 Bg7 5. Be2 O-O 6. O-O d6 7. a3 e6 8. Nc3 b6 9. b4 Qe7 10. Bb2 Bb7 11. Qb3 Nbd7 12. Rad1 Rab8 13. Rd2 d5 14. cxd5 Nxd5 15. dxc5 bxc5 16. b5 a6 17. a4 Bxc3 18. Bxc3 c4 19. Qc2 Nxc3 20. Qxc3 axb5 21. axb5 Rfc8 22. Qd4 Nb6 23. Rc1 Qc5 24. Ne5 Qxd4 25. Rxd4 Rc5 26. Nd7 Nxd7 27. Rxd7 Rxb5 28. Rc7 Rc8 29. Rxc8+ Bxc8 30. Bxc4 Rc5 31. Rc2 Ba6 32. Bd3 1/2-1/2